| Поле | Название | Значение |
| |
Тип записи |
c |
| |
Библиографический уровень |
m |
| 001 |
Контрольный номер |
RU/УОНБ/EK_N/322863034 |
| 005 |
Дата корректировки |
20250520124729.1 |
| 010 |
Индекс ISBN |
__ |
| 9 |
Тираж |
5300 экз. |
| 013 |
Номер (ISMN) |
__ |
| d |
Цена |
1 р. 45 к. |
| 071 |
Издательские номер (звукозапись и ноты) |
20 |
| a |
Номер, присвоенный агентством |
4765 |
| 100 |
Данные общей обработки |
__ |
| a |
Данные общей обработки |
20130625d1967 u y0rusy0103||||ca |
| 101 |
Язык документа |
0_ |
| a |
Язык текста |
rus |
| a |
Язык текста |
fre |
| a |
Язык текста |
eng |
| a |
Язык текста |
pol |
| a |
Язык текста |
spa |
| f |
Язык титульного листа |
rus |
| 102 |
Страна публикации |
__ |
| a |
Страна публикации |
RU |
| 125 |
Кодированные данные звукозаписи и нотных изданий |
__ |
| a |
Форма изложения нотного текста |
с| |
| b |
Определитель литературного текста |
g |
| 128 |
Кодированные данные (звукозаписи-физические характеристики) |
__ |
| a |
Кодированные данные: Музыкальная форма и тональность или лад |
arn |
| a |
Кодированные данные: Музыкальная форма и тональность или лад |
li |
| c |
Инструменты или голоса, рекомендуемые для солистов (устаревшее) |
vb|| |
| c |
Инструменты или голоса, рекомендуемые для солистов (устаревшее) |
ka|| |
| 200 |
Заглавие и сведения об ответственности |
1_ |
| a |
Заглавие |
Арии, романсы и песни из репертуара М. П. Максаковой |
| b |
Общее обозначение материала |
[Ноты] |
| e |
Сведения, относящиеся к заглавию |
для меццо-сопрано в сопровожд. фп. |
| f |
Первые сведения об ответственности |
исп. М.П. Максакова |
| g |
Последующие сведения об ответственности |
сост. и авт. предисл. Д. М. Лернер |
| 210 |
Выходные данные |
1_ |
| a |
Место издания |
Москва |
| c |
Издательство |
Музыка |
| d |
Дата издания |
1967 |
| 215 |
Физическое описание |
__ |
| a |
Объем |
114 c. |
| c |
Иллюстрации/тип воспроизводства |
портр. |
| d |
Формат |
29 см |
| 300 |
Общие примечания |
__ |
| a |
Общие примечания |
Текст на рус., фр., исп., англ. и польск. яз. |
| 327 |
Примечание о содержании |
11 |
| a |
Примечание о содержании |
Содерж. : Чайковский П. "Снегурочка" (Третья песня Леля "Туча со громом"). - Римский-Корсаков Н. "Царская невеста" (Песня Любаши). - Бизе Ж. "Кармен" (Хабанера). - Сен-Санс К. "Самсон и Далила" (Ария Далилы). - Глинка М. Болеро. - Даргомыжский А. Мне все равно. - Чайковский П. Кабы знала я. - Танеев С. Колыбельная. - Алябьев А. Цыганская песня ("Старый муж"). - Варламов А. Ненаглядный ты мой ; Горные вершины. - Гурилев А. Золотистые, шелковые. - Булахов П. Ах ты, темный лес. - Дютш О. Не скажу никому. - Брамс И. В зеленых ивах. - Сарасате П. Черный веер. - Дриго Р. Серенада. - Скотт С. Колыбельная. - Хинастера А. Грусть. - Голованов Н. Темна ноченька, не спится. - Макарова Н. Васильки. - Животов А. Посиди хоть минуточку. - Коваль М. Баллада о зверолове. - Русские нар. песни : Чтоты жадно глядишь на дорогу ; Прощайте, ласковые взоры ; Цвели, цвели цветики ; Липа вековая ; То не ветер ветку клонит ; Над полями да над чистыми ; Чернобровый, черноокий ; Вишневая шаль. - Весна : дагестанская нар. песня. - Ксывань : польская нар. песня. - Красная лента : финская нар. песня. - Путь из Мьереса : испан. нар. песня. - Я помню песню : голланд. нар. песня. |
| 464 |
Аналитический уровень |
_0 |
| 1 |
|
2001 |
| a |
|
Третья песня Леля |
| e |
|
Туча со громом сговаривалась... |
| b |
|
из оперы "Снегурочка" |
| 1 |
|
50010 |
| a |
|
Снегурочка |
| 464 |
Аналитический уровень |
_0 |
| 1 |
|
2001 |
| a |
|
Песня Любаши |
| e |
|
Снаряжай скорей, матушка родимая... |
| e |
|
из оперы "Царская невеста" |
| 1 |
|
50010 |
| a |
|
Царская невеста |
| 464 |
Аналитический уровень |
_0 |
| 1 |
|
2001 |
| a |
|
Хабанера |
| e |
|
У любви, как у пташки... |
| e |
|
из оперы "Кармен" |
| 1 |
|
702 1 |
| a |
|
Горчакова |
| b |
|
А. |
| 4 |
|
730 |
| 1 |
|
50010 |
| a |
|
Кармен |
| 464 |
Аналитический уровень |
_0 |
| 1 |
|
2001 |
| a |
|
Ария Далилы |
| e |
|
Открылася душа, как цветок... |
| e |
|
из оперы "Самсон и Далила" |
| 1 |
|
50010 |
| a |
|
Самсон и Далила |
| 464 |
Аналитический уровень |
_0 |
| 1 |
|
2001 |
| a |
|
Болеро |
| e |
|
О дева чудная моя... |
| 464 |
Аналитический уровень |
_0 |
| 1 |
|
2001 |
| a |
|
Мне все равно |
| e |
|
Мне все равно: страдать иль наслаждаться... |
| 1 |
|
702 1 |
| a |
|
Миллер |
| b |
|
Ф. |
| 4 |
|
520 |
| 464 |
Аналитический уровень |
_0 |
| 1 |
|
2001 |
| a |
|
Кабы знала я |
| e |
|
Кабы знала я, кабы ведала... |
| 1 |
|
702 1 |
| a |
|
Толстой |
| b |
|
А. К. |
| 4 |
|
520 |
| 464 |
Аналитический уровень |
_0 |
| 1 |
|
2001 |
| a |
|
Колыбельная |
| e |
|
Легкий ветер присмирел... |
| 464 |
Аналитический уровень |
_0 |
| 1 |
|
2001 |
| a |
|
Цыганская песня |
| e |
|
Старый муж, грозный муж... |
| 1 |
|
702 1 |
| a |
|
Пушкин |
| b |
|
А. |
| 4 |
|
520 |
| 464 |
Аналитический уровень |
_0 |
| 1 |
|
2001 |
| a |
|
Ненаглядный ты мой |
| e |
|
Ненаглядный ты мой, как люблю я тебя... |
| 464 |
Аналитический уровень |
_0 |
| 1 |
|
2001 |
| a |
|
Горные вершины |
| e |
|
Горные вершины спят во тьме ночной... |
| 1 |
|
702 1 |
| a |
|
Лермонтов |
| b |
|
М. |
| 4 |
|
520 |
| 464 |
Аналитический уровень |
_0 |
| 1 |
|
2001 |
| a |
|
Золотистые, шелковые |
| e |
|
Золотистые, шелковые, что вы, кудри развеваетесь... |
| 1 |
|
702 1 |
| a |
|
Греков |
| b |
|
Н. |
| 4 |
|
520 |
| 464 |
Аналитический уровень |
_0 |
| 1 |
|
2001 |
| a |
|
Ах ты, темный лес |
| e |
|
Ах ты, темный лес... |
| 464 |
Аналитический уровень |
_0 |
| 1 |
|
2001 |
| a |
|
Не скажу никому |
| e |
|
Не скажу никому... |
| 1 |
|
702 1 |
| a |
|
Кольцов |
| b |
|
А. |
| 4 |
|
520 |
| 464 |
Аналитический уровень |
_0 |
| 1 |
|
2001 |
| a |
|
В зеленых ивах |
| e |
|
В зеленых ивах дом стоит... |
| 464 |
Аналитический уровень |
_0 |
| 1 |
|
2001 |
| a |
|
Черный веер |
| e |
|
Этот вечер черный... |
| 1 |
|
702 1 |
| a |
|
Гнесин |
| b |
|
Г. |
| 4 |
|
730 |
| 464 |
Аналитический уровень |
_0 |
| 1 |
|
2001 |
| a |
|
Серенада |
| e |
|
Дремлют леса и поля... |
| 464 |
Аналитический уровень |
_0 |
| 1 |
|
2001 |
| a |
|
Колыбельная |
| e |
|
Баю-баю, баю-бай, спят цветы и спят ягнята... |
| 1 |
|
702 1 |
| a |
|
Россетти |
| b |
|
К. |
| 4 |
|
520 |
| 1 |
|
702 1 |
| a |
|
Крылов |
| b |
|
В. |
| 4 |
|
730 |
| 464 |
Аналитический уровень |
_0 |
| 1 |
|
2001 |
| a |
|
Грусть |
| e |
|
Среди лимонов цветущих... |
| 464 |
Аналитический уровень |
_0 |
| 1 |
|
2001 |
| a |
|
Темна ноченька, не спится |
| e |
|
Темна ноченька, не спится... |
| 1 |
|
702 1 |
| a |
|
Есенин |
| b |
|
С. |
| 4 |
|
520 |
| 464 |
Аналитический уровень |
_0 |
| 1 |
|
2001 |
| a |
|
Васильки |
| e |
|
Встретил я ее в поле у реки... |
| 1 |
|
702 1 |
| a |
|
Фирсов |
| b |
|
П. |
| 4 |
|
520 |
| 464 |
Аналитический уровень |
_0 |
| 1 |
|
2001 |
| a |
|
Посиди хоть минуточку |
| e |
|
Посиди хоть минуточку... |
| 1 |
|
702 1 |
| a |
|
Горская |
| b |
|
Н. |
| 4 |
|
520 |
| 464 |
Аналитический уровень |
_0 |
| 1 |
|
2001 |
| a |
|
Баллада о зверолове |
| e |
|
По снегу первому в тайгу... |
| 1 |
|
702 1 |
| a |
|
Комаров |
| b |
|
П. |
| 4 |
|
520 |
| 464 |
Аналитический уровень |
_0 |
| 1 |
|
2001 |
| a |
|
Что ты жадно глядишь на дорогу |
| e |
|
Что ты жадно глядишь на дорогу... |
| e |
|
рус. нар. песня |
| 1 |
|
702 1 |
| a |
|
Некрасов |
| b |
|
Н. |
| 4 |
|
520 |
| 1 |
|
702 1 |
| a |
|
Волков |
| b |
|
В. |
| 4 |
|
030 |
| 464 |
Аналитический уровень |
_0 |
| 1 |
|
2001 |
| a |
|
Прощайте, ласковые взоры |
| e |
|
Прощайте, ласковые взоры... |
| e |
|
рус. нар. песня |
| 1 |
|
702 1 |
| a |
|
Волков |
| b |
|
В. |
| 4 |
|
030 |
| 464 |
Аналитический уровень |
_0 |
| 1 |
|
2001 |
| a |
|
Цвели, цвели цветики |
| e |
|
Цвели, цвели цветики... |
| e |
|
рус. нар. песня |
| 1 |
|
702 1 |
| a |
|
Раков |
| b |
|
Н. |
| 4 |
|
030 |
| 464 |
Аналитический уровень |
_0 |
| 1 |
|
2001 |
| a |
|
Липа вековая |
| e |
|
Липа вековая над рекой шумит... |
| e |
|
рус. нар. песня |
| 1 |
|
702 1 |
| a |
|
Лернер |
| b |
|
Д. |
| 4 |
|
030 |
| 464 |
Аналитический уровень |
_0 |
| 1 |
|
2001 |
| a |
|
То не ветер ветку клонит |
| e |
|
То не ветер ветку клонит... |
| e |
|
рус. нар. песня |
| 1 |
|
702 1 |
| a |
|
Лернер |
| b |
|
Д. |
| 4 |
|
030 |
| 464 |
Аналитический уровень |
_0 |
| 1 |
|
2001 |
| a |
|
Над полями да над чистыми |
| e |
|
Над полями да над чистыми... |
| e |
|
рус. нар. песня |
| 1 |
|
702 1 |
| a |
|
Чернявский |
| b |
|
А. |
| 4 |
|
030 |
| 464 |
Аналитический уровень |
_0 |
| 1 |
|
2001 |
| a |
|
Чернобровый, черноокий |
| e |
|
Чернобровый, черноокий молодец удалый... |
| e |
|
рус. нар. песня |
| 1 |
|
702 1 |
| a |
|
Погребов |
| b |
|
С. |
| 4 |
|
030 |
| 464 |
Аналитический уровень |
_0 |
| 1 |
|
2001 |
| a |
|
Вишневая шаль |
| e |
|
Я о прошлом теперь не мечтаю... |
| e |
|
рус. нар. песня |
| 1 |
|
702 1 |
| a |
|
Сибирский |
| b |
|
В. |
| 4 |
|
030 |
| 464 |
Аналитический уровень |
_0 |
| 1 |
|
2001 |
| a |
|
Весна |
| e |
|
Весной много цветов... |
| e |
|
дагестанская нар. песня |
| 1 |
|
702 1 |
| a |
|
Бабанов |
| b |
|
Ю. |
| 4 |
|
520 |
| 1 |
|
702 1 |
| a |
|
Грунов |
| b |
|
Д. |
| 4 |
|
730 |
| 1 |
|
702 1 |
| a |
|
Абрамянц |
| b |
|
А. |
| 4 |
|
030 |
| 464 |
Аналитический уровень |
_0 |
| 1 |
|
2001 |
| a |
|
Ксывань |
| e |
|
Отвечай мне, гора... |
| e |
|
польская нар. песня |
| 1 |
|
702 1 |
| a |
|
Глазкова |
| b |
|
Л. |
| 4 |
|
730 |
| 1 |
|
702 1 |
| a |
|
Коваль |
| b |
|
М. |
| 4 |
|
030 |
| 464 |
Аналитический уровень |
_0 |
| 1 |
|
2001 |
| a |
|
Красная лента |
| e |
|
Подруга, ты с лентой красной |
| e |
|
финская нар. песня |
| 1 |
|
702 1 |
| a |
|
Верховский |
| b |
|
Н. |
| 4 |
|
730 |
| 1 |
|
702 1 |
| a |
|
Синисало |
| b |
|
Г. |
| 4 |
|
030 |
| 464 |
Аналитический уровень |
_0 |
| 1 |
|
2001 |
| a |
|
Путь из Мьереса |
| e |
|
Путь из Мьереса держу я... |
| e |
|
испанская нар. песня |
| 1 |
|
702 1 |
| a |
|
Вейсберг |
| b |
|
Ю. |
| 4 |
|
730 |
| 1 |
|
702 1 |
| a |
|
Штейнберг |
| b |
|
М. |
| 4 |
|
030 |
| 464 |
Аналитический уровень |
_0 |
| 1 |
|
2001 |
| a |
|
Я помню песню |
| e |
|
Я помню песню детских лет... |
| e |
|
голландская нар. песня |
| 1 |
|
702 1 |
| a |
|
Рождественская |
| b |
|
Н. |
| 4 |
|
730 |
| 1 |
|
702 1 |
| a |
|
Мол |
| b |
|
В. де |
| 4 |
|
030 |
| 464 |
Аналитический уровень |
_0 |
| 1 |
|
700 1 |
| a |
|
Чайковский |
| b |
|
П. И. |
| g |
|
Петр Ильич |
| 464 |
Аналитический уровень |
_0 |
| 1 |
|
700 1 |
| a |
|
Римский-Корсаков |
| b |
|
Н. А. |
| g |
|
Николай Андреевич |
| 464 |
Аналитический уровень |
_0 |
| 1 |
|
700 1 |
| a |
|
Бизе |
| b |
|
Ж. |
| g |
|
Жорж |
| 464 |
Аналитический уровень |
_0 |
| 1 |
|
700 1 |
| a |
|
Сен-Санс |
| b |
|
К. |
| g |
|
Камиль |
| 464 |
Аналитический уровень |
_0 |
| 1 |
|
700 1 |
| a |
|
Глинка |
| b |
|
М. И. |
| g |
|
Михаил Иванович |
| 464 |
Аналитический уровень |
_0 |
| 1 |
|
700 1 |
| a |
|
Даргомыжский |
| b |
|
А. С. |
| g |
|
Александр Сергеевич |
| 464 |
Аналитический уровень |
_0 |
| 1 |
|
700 1 |
| a |
|
Танеев |
| b |
|
С. И. |
| g |
|
Сергей Иванович |
| 464 |
Аналитический уровень |
_0 |
| 1 |
|
700 1 |
| a |
|
Алябьев |
| b |
|
А. А. |
| g |
|
Александр Александрович |
| 464 |
Аналитический уровень |
_0 |
| 1 |
|
700 1 |
| a |
|
Варламов |
| b |
|
А. Е. |
| g |
|
Александр Егорович |
| 464 |
Аналитический уровень |
_0 |
| 1 |
|
700 1 |
| a |
|
Гурилев |
| b |
|
А. Л. |
| g |
|
Александр Львович |
| 464 |
Аналитический уровень |
_0 |
| 1 |
|
700 1 |
| a |
|
Булахов |
| b |
|
П. П. |
| g |
|
Петр Петрович |
| 464 |
Аналитический уровень |
_0 |
| 1 |
|
700 1 |
| a |
|
Дютш |
| b |
|
О. |
| 464 |
Аналитический уровень |
_0 |
| 1 |
|
700 1 |
| a |
|
Брамс |
| b |
|
И. |
| g |
|
Иоганнес |
| 464 |
Аналитический уровень |
_0 |
| 1 |
|
700 1 |
| a |
|
Сарасате |
| b |
|
П. |
| 464 |
Аналитический уровень |
_0 |
| 1 |
|
700 1 |
| a |
|
Дриго |
| b |
|
Р. |
| 464 |
Аналитический уровень |
_0 |
| 1 |
|
700 1 |
| a |
|
Скотт |
| b |
|
С. |
| g |
|
Сирил |
| 464 |
Аналитический уровень |
_0 |
| 1 |
|
700 1 |
| a |
|
Хинастера |
| b |
|
А. |
| g |
|
Альберто |
| 464 |
Аналитический уровень |
_0 |
| 1 |
|
700 1 |
| a |
|
Голованов |
| b |
|
Н. |
| 464 |
Аналитический уровень |
_0 |
| 1 |
|
700 1 |
| a |
|
Макарова |
| b |
|
Н. |
| 464 |
Аналитический уровень |
_0 |
| 1 |
|
700 1 |
| a |
|
Животов |
| b |
|
А. |
| 464 |
Аналитический уровень |
_0 |
| 1 |
|
700 1 |
| a |
|
Коваль |
| b |
|
М. |
| 512 |
Заглавие обложки |
1_ |
| a |
Заглавие обложки |
Арии, романсы и песни из репертуара М. П. Максаковой |
| 606 |
Тематические рубрики |
0_ |
| a |
Основная рубрика |
Камерные произведения вокальные |
| x |
Основная подрубрика |
Романсы |
| x |
Основная подрубрика |
Цыганские романсы и песни |
| x |
Основная подрубрика |
Отрывки из опер |
| x |
Основная подрубрика |
Дагестанские народные песни |
| x |
Основная подрубрика |
Русские народные песни |
| x |
Основная подрубрика |
Польские народные песни |
| x |
Основная подрубрика |
Финские народные песни |
| x |
Основная подрубрика |
Испанские народные песни |
| x |
Основная подрубрика |
Голландские народные песни |
| 606 |
Тематические рубрики |
0_ |
| a |
Основная рубрика |
Народная музыка |
| 610 |
Ключевые слова |
0_ |
| a |
Ключевые слова |
меццо-сопрано |
| 686 |
Индексы других классификаций |
__ |
| a |
Классификационный индекс |
85.943.2-42я43 |
| 2 |
Код системы |
rubbk |
| 686 |
Индексы других классификаций |
__ |
| a |
Классификационный индекс |
85.943.8 |
| 2 |
Код системы |
rubbk |
| 702 |
Вторичная интеллектуальная ответственность |
_1 |
| a |
Фамилия |
Максакова |
| b |
Имя (инициалы) |
М. П. |
| g |
Полное личное имя |
Мария Петровна |
| 4 |
Код отношения |
590 |
| 702 |
Вторичная интеллектуальная ответственность |
_1 |
| a |
Фамилия |
Лернер |
| b |
Имя (инициалы) |
Д. М. |
| g |
Полное личное имя |
Давид Михайлович |
| 4 |
Код отношения |
220 |
| 702 |
Вторичная интеллектуальная ответственность |
_1 |
| a |
Фамилия |
Лернер |
| b |
Имя (инициалы) |
Д. М. |
| 4 |
Код отношения |
080 |
| 801 |
Источник записи |
_0 |
| a |
Страна |
RU |
| b |
Организация |
Ульяновская государственная областная научная библиотека им.В.И.Ленина |
| c |
Дата составления |
20011012 |
| g |
Правила каталогизации |
PSBO |
| 801 |
Источник записи |
_1 |
| a |
Страна |
RU |
| b |
Организация |
Ульяновская государственная областная научная библиотека им.В.И.Ленина |
| c |
Дата составления |
20011012 |
| 901 |
Тип документа |
__ |
| t |
Тип документа |
m |
| 909 |
Создатель записи |
__ |
| a |
Создатель записи |
Зиновьева Г. А. |
| 938 |
Служебная информация |
__ |
| a |
Имя БД |
noti |
| b |
Имя библиотеки |
УОНБ |
| c |
Имя АИБС |
МАРК-SQL |
| d |
Номер DOC_ID в БД |
4756 |